000 00552nam a22002417a 4500
003 UA-OsUOA
001 27995
007 ta
008 20040917b un ||||| |||| 00| 0 ukr d
100 _aСвиридов А.А.
090 _a330.322
_bС24
942 _cBK
040 _aUA-OsUOA
_brus
_cUA-OsUOA
_dUA-OsUOA
245 _aМагия финансов: инвестиции
300 _a352 с.
955 _a0
041 _arus
080 _a330.322
260 _aМосква
_c2003
044 _aRU
650 7 _2UDC
999 _c314348
_d314348